| 000 | 00423nam a2200157Ia 4500 | ||
|---|---|---|---|
| 008 | 151213s9999 xx 000 0 und d | ||
| 020 | _a984-809006-1 | ||
| 100 | _aRupa Chakraborty | ||
| 245 |
_aThe Practice Tentster Bengali Learners _cRupa Chakraborty |
||
| 250 | _a1st | ||
| 260 |
_aDhaka _bUniversity Grant Commission _c2001 |
||
| 300 | _a4630 p. | ||
| 650 | _aReference | ||
| 700 | _aRupa Chakraborty | ||
| 999 |
_c2981 _d2981 |
||